000 02324cam0a2200505 4500
001 13960
003 http://www.sudoc.fr/292190239
005 20251204114726.0
010 _a9782381980928
_d17 EUR
035 _a(OCoLC)1554764757
035 _aFRBNF486248480000008
_zFRBNF48624848
073 0 _a9782381980928
090 _a13960
099 _o0
100 _a20251128h20252025m y0frey50 ba
101 2 _afre
_aeng
101 2 _ceng
102 _aFR
105 _ay z 000gy
181 _6z01
_ctxt
_2rdacontent
181 1 _6z01
_ai#
_bxxxe##
182 _6z01
_cn
_2rdamedia
182 1 _6z01
_an
183 1 _6z01
_anga
_2RDAfrCarrier
200 1 _aDivisible par lui-même et par un
_dDivisible by itself and one
_bLIVR
200 1 _zeng
214 0 _cL'Arche
_dDL 2025
214 0 _aMontreuil
215 _a1 volume (119 pages)
215 _ccouverture illustrée
_d21 cm
225 1 _aDes écrits pour la parole
307 _atexte original anglais avec traduction française en regard
330 _aLe nouveau recueil de Kae Tempest renoue avec les motifs puissants de Étreins-toi et Courir sur les cordes, où s entrelacent amour et quête de soi. Plus introspectif, il explore les ressorts intimes de la pulsion de vie qui se heurte aux injonctions d une société normative, et apprend peu à peu à embrasser la puissance libératrice de sa transidentité. Kae Tempest célèbre la force du lien à la nature et rend un magnifique hommage à sa famille queer, « à tous les anges ». Divisible par lui-même et par un est un livre sur la forme humaine, le corps éprouvé comme frontière, et la brûlante nécessité d apprendre à s aimer tel·le que l on est. Cette quête perpétuelle d intégrité fait de Kae Tempest un poète profondément original de notre époque.
410 _0234993022
410 _tDes écrits pour la parole
_x2680-3305
454 _tDivisible by itself and one
510 _aDivisible by itself and one
_zeng
608 _3027247481
_aPoésie anglaise
_3050665391
_z2000-....
_2rameau
610 _aTransidentité
700 1 _aTempest
_bKate
_f1985-....
700 1 _3182110672
_4070
701 1 _aEsquié
_bHéloïse
_f1974-....
701 1 _3055151175
_ctraductrice
_4730
801 3 _aFR
_bAbes
_c20251129
_gAFNOR
801 0 _aFR
_bFR-751131015
_c20251016
_gAFNOR